Уход за паровыми котлами и машинами: Руководство для машинистов и кочегаров, удостоенное премии Императорского Русского Технического Общества

Dades bibliogràfiques
Autor principal: Войслав С. Г. Сигизмунд Григорьевич
Sumari:Дозволено цензурою. С.-Петербург, 25 февраля 1903 г.
Текст в русской дореформенной орфографии
Idioma:rus
Publicat: Санкт-Петербург, Издание К. Л. Риккера, 1903
Edició:4-е просмотренное изд.
Matèries:
Format: Llibre
KOHA link:https://koha.lib.tpu.ru/cgi-bin/koha/opac-detail.pl?biblionumber=312171

MARC

LEADER 00000nam0a2200000 4500
001 312171
005 20250611154641.0
035 |a (RuTPU)RU\TPU\book\337538 
090 |a 312171 
100 |a 20151217d1903 m y0rusy50 ca 
101 0 |a rus 
102 |a RU 
105 |a a z 001zy 
200 1 |a Уход за паровыми котлами и машинами  |e Руководство для машинистов и кочегаров, удостоенное премии Императорского Русского Технического Общества  |f С. Г. Войслав 
205 |a 4-е просмотренное изд. 
210 |a Санкт-Петербург  |c Издание К. Л. Риккера  |c Типография Министерства Путей Сообщения  |d 1903 
215 |a [8], 137, XXXI с.  |c ил. 
300 |a Дозволено цензурою. С.-Петербург, 25 февраля 1903 г. 
300 |a Текст в русской дореформенной орфографии 
316 |5 63413507: 8916  |a На титульном листе дарственная надпись: «Дорогому Учителю Геннадию Даниловичу Романовском в знак искреннего уважения от С. Войслава»  
317 |5 63413507: 8916  |a Приобретен ТТИ в 1908 г. для Горного отделения В. А. Обручевым и Л. Л. Тове из библиотеки профессора Горного института Г. Д. Романовского 
320 |a Алф. указ. технических слов: с. XXIX-XXI. 
606 |a Паровые котлы  |9 85333 
606 |a Паровые машины  |9 67116 
610 1 |a уход 
610 1 |a парораспределительные приборы 
610 1 |a регуляторы 
610 1 |a холодильники 
610 1 |a неисправности 
610 1 |a дарственная надпись 
610 1 |a дары автора 
610 1 |a Библиотека Г. Д. Романовского 
610 1 |a установки 
610 1 |a эксплуатация 
675 |a 621.181(07)  |v 4 
675 |a 621.1(07)  |v 4 
700 1 |a Войслав  |b С. Г.  |c горный инженер  |f 1850-1904  |g Сигизмунд Григорьевич  |3 (RuTPU)RU\TPU\pers\35908 
801 1 |a RU  |b 63413507  |c 20151217 
801 2 |a RU  |b 63413507  |c 20211118  |g RCR 
850 |a 63413507 
942 |c BK